| 000 | 00647nam a2200217 i 4500 | ||
|---|---|---|---|
| 001 | 121987 | ||
| 003 | ES-MaACL | ||
| 005 | 20251124170355.0 | ||
| 007 | t| | ||
| 008 | 070214s1957 sp r ||||1| spa d | ||
| 100 | 1 |
_aPoe, Edgar Allan, _d1809-1849 _9188384 |
|
| 245 | 1 | 0 |
_aNarraciones extraordinarias / _cEdgar Allan Poe ; ilustraciones de J. Narro. |
| 250 | _a1ª ed. | ||
| 260 |
_aBarcelona : _bJuventud, _c1957. |
||
| 300 |
_a204 p. ; _c18 cm. |
||
| 490 | 1 |
_aCol. Z ; _v22 |
|
| 700 | 1 |
_aNarro, José, _d1902- _984950 |
|
| 830 | 0 |
_aCol. Z ; _v22 _9187005 |
|
| 852 |
_aES-MaACL _jC-12605 _bR.40412 |
||
| 999 |
_c121987 _d121987 |
||